[Event "Iranian Men Championship Final 1399"]
[Site "Tehran"]
[Date "2021.04.13"]
[Round "14"]
[Board "5"]
[White "Veisi, Bardia"]
[Black "Gholami, Aryan"]
[Result "0-1"]
[WhiteElo "2273"]
[BlackElo "2507"]
[PlyCount "0"]
[EventDate "2021.04.05"]
[EventRounds "15"]
[EventCountry "IRI"]

1. d4 {[%clk 1:26:30]} Nf6 {[%clk 1:30:47]} 2. c4 {[%clk 1:26:45]} e6
{[%clk 1:26:42]} 3. g3 {[%clk 1:26:11]} Bb4+ {[%clk 1:24:32]} 4. Bd2
{[%clk 1:26:05]} c5 {[%clk 1:24:09]} 5. Bxb4 {[%clk 1:24:53]} cxb4
{[%clk 1:24:19]} 6. Bg2 {[%clk 1:24:58]} O-O {[%clk 1:24:29]} 7. e3
{[%clk 1:23:15]} Nc6 {[%clk 1:21:37]} 8. Ne2 {[%clk 1:18:26]} d6 {[%clk 1:13:33]}
9. O-O {[%clk 1:17:27]} e5 {[%clk 1:13:50]} 10. a3 Qa5 {[%clk 1:03:55]} 11. Qb3
{[%clk 1:05:05]} Bg4 {[%clk 1:02:39]} 12. f3 {[%clk 0:52:53]} Bd7 13. d5
{[%clk 0:52:45]} Ne7 {[%clk 1:02:50]} 14. Qxb4 {[%clk 0:53:03]} Qc7
{[%clk 0:57:08]} 15. Nd2 {[%clk 0:51:55]} a5 {[%clk 0:54:09]} 16. Qc3 b5
{[%clk 0:45:16]} 17. b3 {[%clk 0:21:05]} a4 18. b4 {[%clk 0:20:46]} bxc4
{[%clk 0:44:45]} 19. e4 {[%clk 0:20:54]} Qb6+ {[%clk 0:34:07]} 20. Rf2
{[%clk 0:15:44]} Rac8 21. Rc1 Nfxd5 {[%clk 0:20:59]} 22. exd5 {[%clk 0:15:49]}
Nxd5 {[%clk 0:21:49]} 23. Qb2 {[%clk 0:15:13]} Ne3 24. Nf1 {[%clk 0:13:38]} Nxg2
{[%clk 0:19:14]} 25. Kxg2 {[%clk 0:11:57]} Be6 {[%clk 0:17:35]} 26. Nc3 Qb7
{[%clk 0:17:58]} 27. Ne4 {[%clk 0:07:53]} Rfd8 {[%clk 0:17:14]} 28. Rd1
{[%clk 0:05:52]} Qb6 {[%clk 0:16:20]} 29. Nc3 {[%clk 0:01:56]} Qb7 30. Ne3
{[%clk 0:02:18]} d5 {[%clk 0:16:32]} 31. Nxa4 {[%clk 0:02:22]} d4
{[%clk 0:16:17]} 32. Nc5 {[%clk 0:01:56]} Qb6 {[%clk 0:15:46]} 33. Nf1
{[%clk 0:01:40]} Bd5 {[%clk 0:13:51]} 34. Qe2 Re8 {[%clk 0:14:12]} 35. Nd2
{[%clk 0:01:48]} c3 {[%clk 0:12:36]} 36. Nc4 {[%clk 0:02:00]} Qc7
{[%clk 0:12:50]} 37. Kg1 {[%clk 0:02:07]} f6 {[%clk 0:12:21]} 38. Qd3
{[%clk 0:01:56]} Rcd8 {[%clk 0:10:39]} 39. Re1 Qc6 40. Na5 {[%clk 0:00:58]} Qc7
{[%clk 0:10:34]} 41. Nc4 {[%clk 0:01:07]} Bf7 {[%clk 0:10:42]} 42. Na5
{[%clk 0:00:48]} Kh8 {[%clk 0:09:34]} 43. f4 {[%clk 0:01:12]} Bg6
{[%clk 0:09:02]} 44. Qc4 {[%clk 0:01:11]} e4 {[%clk 0:08:39]} 45. f5
{[%clk 0:00:52]} Bf7 {[%clk 0:08:49]} 46. Qe2 {[%clk 0:00:40]} d3
{[%clk 0:09:10]} 47. Qe3 {[%clk 0:00:42]} d2 {[%clk 0:08:53]} 48. Qxc3
{[%clk 0:00:49]} Qe5 49. Qe3 {[%clk 0:01:14]} dxe1=Q+ {[%clk 0:08:45]} 50. Qxe1
{[%clk 0:01:37]} e3 {[%clk 0:09:08]} 51. Re2 {[%clk 0:01:37]} Bd5
{[%clk 0:09:16]} 52. Qc1 Qxf5 {[%clk 0:08:57]} 53. Rxe3 {[%clk 0:01:44]} Qh3
{[%clk 0:09:21]} 54. Rxe8+ {[%clk 0:01:03]} Rxe8 {[%clk 0:09:47]} 55. Qd2
{[%clk 0:01:22]} Re1+ {[%clk 0:10:12]}  0-1

[Event "Iranian Men Championship Final 1399"]
[Site "Tehran"]
[Date "2021.04.13"]
[Round "14"]
[Board "6"]
[White "Maghsoodloo, Parham"]
[Black "Mosadeghpour, Masoud"]
[Result "1-0"]
[WhiteElo "2676"]
[BlackElo "2498"]
[PlyCount "0"]
[EventDate "2021.04.05"]
[EventRounds "15"]
[EventCountry "IRI"]

1. d4 {[%clk 1:26:07]} d5 {[%clk 1:26:55]} 2. Nf3 {[%clk 1:25:53]} Nf6
{[%clk 1:27:07]} 3. c4 {[%clk 1:26:05]} e6 {[%clk 1:27:03]} 4. g3
{[%clk 1:25:02]} Bb4+ {[%clk 1:26:17]} 5. Bd2 {[%clk 1:24:51]} a5
{[%clk 1:25:08]} 6. Bg2 {[%clk 1:23:17]} dxc4 {[%clk 1:24:21]} 7. Qc2
{[%clk 1:20:27]} Bxd2+ {[%clk 1:23:48]} 8. Nbxd2 {[%clk 1:20:13]} b5
{[%clk 1:24:12]} 9. a4 {[%clk 1:18:14]} c6 {[%clk 1:24:27]} 10. O-O
{[%clk 1:12:18]} O-O {[%clk 1:24:39]} 11. b3 {[%clk 1:09:30]} cxb3 12. Nxb3
{[%clk 1:09:54]} Ba6 {[%clk 1:24:43]} 13. Rfd1 {[%clk 1:08:31]} bxa4
{[%clk 1:22:54]} 14. Nc5 {[%clk 1:07:36]} Bb5 {[%clk 1:19:12]} 15. Ne5
{[%clk 1:02:30]} Qd6 {[%clk 1:12:30]} 16. Nxa4 {[%clk 0:58:33]} Na6
{[%clk 1:09:16]} 17. Nb6 {[%clk 0:39:05]} Nb4 {[%clk 1:05:29]} 18. Qd2
{[%clk 0:39:25]} Ra6 {[%clk 1:00:11]} 19. Nbc4 {[%clk 0:39:46]} Qc7
{[%clk 0:58:17]} 20. Nxa5 {[%clk 0:40:11]} Bxe2 {[%clk 0:44:56]} 21. Qxb4
{[%clk 0:40:25]} Bxd1 {[%clk 0:44:12]} 22. Nexc6 {[%clk 0:40:41]} Bh5
{[%clk 0:39:27]} 23. Ne7+ {[%clk 0:36:42]} Kh8 {[%clk 0:39:44]} 24. Ng6+
{[%clk 0:37:06]} Bxg6 {[%clk 0:34:24]} 25. Qxf8+ {[%clk 0:37:28]} Ng8
{[%clk 0:34:52]} 26. Qc5 {[%clk 0:37:48]} Ra7 {[%clk 0:35:16]} 27. Ra3
{[%clk 0:36:02]} Qe7 {[%clk 0:27:55]} 28. h4 {[%clk 0:31:27]} h5 {[%clk 0:24:57]}
29. Bf3 {[%clk 0:31:06]} Nf6 {[%clk 0:23:49]} 30. Nc4 {[%clk 0:30:23]} Rc7
{[%clk 0:21:24]} 31. Ra8+ {[%clk 0:30:51]} Kh7 {[%clk 0:20:07]} 32. Qb5
{[%clk 0:30:23]} Bd3 {[%clk 0:17:54]} 33. Qb8 {[%clk 0:28:41]} Kh6
{[%clk 0:11:23]} 34. Ne5 {[%clk 0:25:34]} Bh7 {[%clk 0:09:41]} 35. Qh8
{[%clk 0:19:06]} Qb4 {[%clk 0:04:38]} 36. Rf8 {[%clk 0:17:44]} Qxd4
{[%clk 0:00:44]} 37. Nxf7+ {[%clk 0:18:07]}  1-0

[Event "Iranian Men Championship Final 1399"]
[Site "Tehran"]
[Date "2021.04.13"]
[Round "14"]
[Board "7"]
[White "Nikookar, Mahdi"]
[Black "Jahedi, Mani"]
[Result "0-1"]
[WhiteElo "2239"]
[BlackElo "2201"]
[PlyCount "0"]
[EventDate "2021.04.05"]
[EventRounds "15"]
[EventCountry "IRI"]

1. e4 {[%clk 1:26:35]} c5 {[%clk 1:29:49]} 2. b3 {[%clk 1:26:43]} g6
{[%clk 1:29:07]} 3. Bb2 {[%clk 1:26:59]} Nf6 {[%clk 1:29:31]} 4. Qf3
{[%clk 1:26:58]} d6 {[%clk 1:20:59]} 5. Bb5+ {[%clk 1:27:15]} Nc6
{[%clk 1:18:48]} 6. Bxc6+ bxc6 {[%clk 1:19:16]} 7. d3 {[%clk 1:14:18]} Bg7
{[%clk 1:18:40]} 8. h3 {[%clk 1:13:56]} O-O {[%clk 1:11:01]} 9. Ne2
{[%clk 1:13:47]} Qa5+ {[%clk 1:06:28]} 10. Bc3 {[%clk 1:14:05]} Qc7
{[%clk 1:06:17]} 11. Nd2 {[%clk 1:13:51]} d5 {[%clk 1:01:21]} 12. O-O
{[%clk 1:10:09]} Ba6 {[%clk 0:58:43]} 13. Rfe1 {[%clk 1:07:00]} e5
{[%clk 0:52:04]} 14. Rad1 {[%clk 0:58:20]} Rad8 {[%clk 0:51:07]} 15. g4
{[%clk 0:55:00]} Bc8 {[%clk 0:48:57]} 16. Ng3 {[%clk 0:55:08]} h5
{[%clk 0:36:52]} 17. gxh5 {[%clk 0:55:23]} d4 {[%clk 0:35:53]} 18. Bb2
{[%clk 0:53:30]} Bxh3 {[%clk 0:30:07]} 19. h6 {[%clk 0:53:41]} Bh8
{[%clk 0:28:56]} 20. Qh1 {[%clk 0:53:44]} Be6 {[%clk 0:28:49]} 21. Kf1
{[%clk 0:53:01]} Nh7 {[%clk 0:26:46]} 22. Ke2 {[%clk 0:53:16]} Ng5
{[%clk 0:25:14]} 23. h7+ {[%clk 0:52:30]} Nxh7 {[%clk 0:24:39]} 24. Rg1
{[%clk 0:51:00]} Bg7 {[%clk 0:16:57]} 25. Nc4 {[%clk 0:45:57]} f6
{[%clk 0:16:26]} 26. Bc1 {[%clk 0:46:06]} Ng5 {[%clk 0:15:43]} 27. Rdf1
{[%clk 0:43:46]} Nh3 {[%clk 0:14:46]} 28. Rg2 {[%clk 0:41:23]} Kf7
{[%clk 0:10:09]} 29. Rh2 {[%clk 0:41:01]} Rh8 {[%clk 0:09:46]} 30. Kd1
{[%clk 0:38:44]} Nf4 {[%clk 0:08:31]} 31. Ne2 {[%clk 0:36:51]} Rxh2
{[%clk 0:07:39]} 32. Qxh2 {[%clk 0:36:35]} Rh8 {[%clk 0:07:38]} 33. Bxf4
{[%clk 0:34:32]} Rxh2 {[%clk 0:07:05]} 34. Bxh2 {[%clk 0:35:00]} Bh3
{[%clk 0:04:56]} 35. Rg1 {[%clk 0:34:29]} Be6 {[%clk 0:03:41]} 36. f4
{[%clk 0:33:42]} Bxc4 {[%clk 0:03:39]} 37. bxc4 {[%clk 0:33:55]} Bh6
{[%clk 0:03:11]} 38. Rf1 {[%clk 0:34:09]} Qa5 {[%clk 0:02:17]} 39. Nc1
{[%clk 0:34:26]} exf4 {[%clk 0:01:29]} 40. Bxf4 {[%clk 0:34:52]} Bxf4
{[%clk 0:01:34]} 41. Rxf4 {[%clk 0:35:20]} Qb4 {[%clk 0:01:37]} 42. Nb3
{[%clk 0:34:37]} a5 {[%clk 0:01:35]} 43. Nd2 {[%clk 0:32:02]} Qa3
{[%clk 0:00:54]} 44. Nf3 {[%clk 0:30:46]} Qxa2 {[%clk 0:00:38]} 45. e5
{[%clk 0:31:10]} f5 {[%clk 0:00:59]} 46. Rh4 {[%clk 0:31:33]} Qa1+
{[%clk 0:00:58]} 47. Kd2 {[%clk 0:31:55]} Qf1 {[%clk 0:00:55]} 48. Ng5+
{[%clk 0:31:09]} Kg8 {[%clk 0:01:16]} 49. e6 {[%clk 0:31:30]} Qg2+
{[%clk 0:01:05]} 50. Kd1 {[%clk 0:31:57]} Qg1+ {[%clk 0:01:24]}  0-1

[Event "Iranian Men Championship Final 1399"]
[Site "Tehran"]
[Date "2021.04.13"]
[Round "14"]
[Board "8"]
[White "Mousavi, Seyed Khalil"]
[Black "Gholami Orimi, Mahdi"]
[Result "1/2-1/2"]
[WhiteElo "2522"]
[BlackElo "2428"]
[PlyCount "0"]
[EventDate "2021.04.05"]
[EventRounds "15"]
[EventCountry "IRI"]

1. d4 {[%clk 1:27:45]} f5 {[%clk 1:30:53]} 2. Bg5 {[%clk 1:25:53]} h6
{[%clk 1:31:14]} 3. Bh4 {[%clk 1:26:11]} g5 {[%clk 1:31:35]} 4. e3
{[%clk 1:25:15]} Nf6 {[%clk 1:29:40]} 5. Bg3 {[%clk 1:25:38]} d6 {[%clk 1:29:43]}
6. Nc3 {[%clk 1:25:11]} Bg7 {[%clk 1:29:33]} 7. h4 {[%clk 1:24:19]} g4
{[%clk 1:29:28]} 8. Nge2 {[%clk 1:21:21]} Nh5 {[%clk 1:29:24]} 9. Nf4
{[%clk 1:17:54]} Nxf4 10. Bxf4 {[%clk 1:18:09]} c6 {[%clk 1:16:47]} 11. Bg3
{[%clk 1:13:47]} e5 {[%clk 1:14:04]} 12. Bc4 {[%clk 1:12:10]} Qe7
{[%clk 0:59:47]} 13. dxe5 {[%clk 1:11:11]} dxe5 {[%clk 0:59:42]} 14. h5
{[%clk 1:11:26]} Bf6 {[%clk 0:58:25]} 15. f3 {[%clk 1:07:03]} gxf3
{[%clk 0:39:46]} 16. Qxf3 {[%clk 0:59:08]} e4 {[%clk 0:39:16]} 17. Qf4
{[%clk 0:57:24]} Nd7 {[%clk 0:37:31]} 18. Qxf5 {[%clk 0:51:42]} Ne5
{[%clk 0:37:30]} 19. Qf1 {[%clk 0:50:01]} Nxc4 {[%clk 0:10:54]} 20. Qxc4
{[%clk 0:50:24]} Be6 {[%clk 0:11:20]} 21. Qxe4 {[%clk 0:49:32]} Rg8
{[%clk 0:09:34]} 22. Bh4 {[%clk 0:45:53]} O-O-O {[%clk 0:09:03]} 23. Bxf6
{[%clk 0:45:07]} Qxf6 {[%clk 0:09:31]} 24. Rf1 {[%clk 0:44:51]} Qe7
{[%clk 0:10:00]} 25. Rf4 {[%clk 0:41:26]} Rg5 {[%clk 0:09:01]} 26. Rd1
{[%clk 0:32:08]} Rdg8 {[%clk 0:08:34]} 27. Rd2 {[%clk 0:27:00]} Rxh5
{[%clk 0:09:01]} 28. Rdf2 {[%clk 0:26:14]} Rh1+ {[%clk 0:07:20]} 29. Rf1
{[%clk 0:24:52]} Rh5 {[%clk 0:04:55]} 30. Ne2 {[%clk 0:22:56]} Re8
{[%clk 0:04:32]} 31. Qd4 {[%clk 0:17:28]} Bd5 {[%clk 0:03:22]} 32. Qxa7
{[%clk 0:15:01]} Re5 {[%clk 0:01:33]} 33. Rf8 {[%clk 0:12:05]} Qb4+
{[%clk 0:01:14]} 34. Nc3 {[%clk 0:10:26]} Qxb2 {[%clk 0:01:19]} 35. Kd2
{[%clk 0:10:07]} Qb4 {[%clk 0:00:40]} 36. R1f4 {[%clk 0:09:34]} Qd6
{[%clk 0:00:36]} 37. Rxe8+ {[%clk 0:09:25]} Rxe8 {[%clk 0:01:05]} 38. Rd4
{[%clk 0:09:43]} Rf8 {[%clk 0:00:33]} 39. Kc1 {[%clk 0:09:28]} Qe7
{[%clk 0:00:37]} 40. e4 {[%clk 0:08:58]} Be6 {[%clk 0:00:59]} 41. Kb2
{[%clk 0:08:39]} Rg8 {[%clk 0:00:56]} 42. Na4 {[%clk 0:06:53]} Rg5
{[%clk 0:01:01]} 43. Nb6+ {[%clk 0:05:47]} Kc7 {[%clk 0:01:25]} 44. a4
{[%clk 0:06:04]} Qc5 {[%clk 0:01:10]} 45. Na8+ {[%clk 0:04:22]} Kc8
{[%clk 0:01:37]} 46. Qxc5 {[%clk 0:03:36]} Rxc5 {[%clk 0:02:06]} 47. Rd6
{[%clk 0:02:57]} Re5 {[%clk 0:01:36]} 48. c4 {[%clk 0:03:03]} Bxc4
{[%clk 0:00:51]} 49. Kc3 {[%clk 0:02:04]} Rxe4 {[%clk 0:00:50]} 50. Rxh6
{[%clk 0:01:57]} Ba6 {[%clk 0:00:35]} 51. Rg6 {[%clk 0:01:02]} Kd8
{[%clk 0:00:43]} 52. Nb6 {[%clk 0:01:21]} Ke7 {[%clk 0:00:42]} 53. Nc8+
{[%clk 0:00:44]} Kd7 {[%clk 0:00:48]} 54. Nb6+ {[%clk 0:00:48]} Ke7
{[%clk 0:01:04]} 55. g4 {[%clk 0:00:48]} Kf7 {[%clk 0:01:05]} 56. Rg5
{[%clk 0:01:14]} Kf6 {[%clk 0:01:19]} 57. Rg8 {[%clk 0:01:22]} Kf7
{[%clk 0:01:45]} 58. Rg5 {[%clk 0:01:43]}  1/2-1/2

[Event "Iranian Men Championship Final 1399"]
[Site "Tehran"]
[Date "2021.04.13"]
[Round "15"]
[Board "1"]
[White "Gholami Orimi, Mahdi"]
[Black "Hakemi, Arman"]
[Result "1/2-1/2"]
[WhiteElo "2428"]
[BlackElo "2316"]
[PlyCount "0"]
[EventDate "2021.04.05"]
[EventRounds "15"]
[EventCountry "IRI"]

1. c4 {[%clk 1:30:37]} e5 {[%clk 1:30:04]} 2. g3 {[%clk 1:30:21]} h5
{[%clk 1:25:39]} 3. h4 {[%clk 1:19:32]} Nc6 {[%clk 1:23:35]} 4. Bg2
{[%clk 1:19:16]} Bc5 {[%clk 1:23:49]} 5. d3 {[%clk 1:15:46]} d6 {[%clk 1:22:31]}
6. Nc3 {[%clk 1:16:03]} a5 {[%clk 1:21:31]} 7. e3 {[%clk 1:12:23]} Bg4
{[%clk 1:21:39]} 8. Nge2 {[%clk 1:09:06]} Qd7 9. f3 {[%clk 1:09:26]} Bf5
{[%clk 1:21:46]} 10. d4 exd4 {[%clk 1:08:53]} 11. exd4 {[%clk 1:09:54]} Ba7
{[%clk 1:09:15]} 12. O-O {[%clk 0:54:42]} Bh3 {[%clk 1:01:30]} 13. Nb5
{[%clk 0:54:00]} Bxg2 {[%clk 0:46:02]} 14. Kxg2 {[%clk 0:54:09]} Bb6
{[%clk 0:42:29]} 15. Be3 Nce7 {[%clk 0:35:43]} 16. Re1 {[%clk 0:29:16]} d5 17.
Nec3 Nf6 {[%clk 0:23:46]} 18. c5 {[%clk 0:25:25]} Ba7 {[%clk 0:24:07]} 19. Bg5
{[%clk 0:13:58]} Bb8 {[%clk 0:21:33]} 20. Qb3 {[%clk 0:07:56]} O-O
{[%clk 0:19:45]} 21. Na3 c6 {[%clk 0:16:51]} 22. Na4 {[%clk 0:02:26]} Bc7
{[%clk 0:11:57]} 23. Nb6 Bxb6 {[%clk 0:12:22]} 24. Qxb6 {[%clk 0:03:10]} Ng6
{[%clk 0:11:53]} 25. Nc2 {[%clk 0:02:12]} Nh7 {[%clk 0:11:54]} 26. Bd2
{[%clk 0:02:40]} f5 {[%clk 0:12:11]} 27. Bf4 {[%clk 0:01:00]} Rf7
{[%clk 0:10:59]} 28. Re2 Re8 {[%clk 0:06:27]} 29. Rae1 {[%clk 0:00:46]} Rfe7
{[%clk 0:06:41]} 30. Rxe7 Rxe7 31. Qxa5 {[%clk 0:01:15]} Nxf4+ {[%clk 0:06:49]}
32. gxf4 {[%clk 0:01:44]} Nf8 {[%clk 0:07:11]} 33. Rxe7 {[%clk 0:01:30]} Qxe7
{[%clk 0:07:35]} 34. Qe1 {[%clk 0:01:39]} Qf6 {[%clk 0:07:49]} 35. Qe5 Qf7
{[%clk 0:06:20]} 36. Kg3 {[%clk 0:00:36]} Ng6 {[%clk 0:06:28]} 37. Qb8+
{[%clk 0:01:05]} Kh7 {[%clk 0:06:17]} 38. Qd8 {[%clk 0:00:43]} Nf8 39. b4 Qg6+
{[%clk 0:04:47]} 40. Kf2 {[%clk 0:01:02]} Ne6 {[%clk 0:04:49]} 41. Qd6
{[%clk 0:01:26]} Qf6 {[%clk 0:04:36]} 42. Ke3 Qg6 {[%clk 0:05:25]} 43. Kf2
{[%clk 0:00:52]} Qf6 44. Ke3 {[%clk 0:00:57]} Qg6 {[%clk 0:05:49]} 45. Kd3 Qh6
46. Qe5 {[%clk 0:00:40]} Nxf4+ {[%clk 0:03:41]} 47. Kc3 {[%clk 0:01:08]} Ng6
{[%clk 0:02:18]} 48. Qxf5 {[%clk 0:01:23]} Kg8 {[%clk 0:02:13]} 49. Qc8+
{[%clk 0:01:04]} Kh7 {[%clk 0:02:37]} 50. Qf5 {[%clk 0:01:22]} Kg8
{[%clk 0:03:06]} 51. Qc8+ {[%clk 0:01:36]} Kh7 {[%clk 0:03:34]} 52. b5
{[%clk 0:01:40]} Nxh4 {[%clk 0:02:51]} 53. b6 Qf4 {[%clk 0:02:46]} 54. Qxb7
{[%clk 0:01:30]} Nxf3 {[%clk 0:03:01]} 55. Qc7 {[%clk 0:01:06]} Qd2+
{[%clk 0:03:22]} 56. Kb3 {[%clk 0:00:57]} Qd3+ {[%clk 0:03:26]} 57. Kb2
{[%clk 0:01:24]} Qb5+ {[%clk 0:03:07]} 58. Kc3 {[%clk 0:01:03]} Qc4+
{[%clk 0:03:26]} 59. Kb2 {[%clk 0:01:27]} Qb5+ 60. Kc1 {[%clk 0:00:54]} Qf1+
{[%clk 0:04:15]} 61. Kb2 {[%clk 0:00:48]} Qb5+ {[%clk 0:04:43]}  1/2-1/2

[Event "Iranian Men Championship Final 1399"]
[Site "Tehran"]
[Date "2021.04.13"]
[Round "15"]
[Board "2"]
[White "Jahedi, Mani"]
[Black "Mousavi, Seyed Khalil"]
[Result "1/2-1/2"]
[WhiteElo "2201"]
[BlackElo "2522"]
[PlyCount "0"]
[EventDate "2021.04.05"]
[EventRounds "15"]
[EventCountry "IRI"]

1. e4 {[%clk 1:27:35]} c5 {[%clk 1:30:53]} 2. Nf3 {[%clk 1:27:32]} Nc6
{[%clk 1:31:16]} 3. d4 {[%clk 1:27:28]} cxd4 {[%clk 1:31:38]} 4. Nxd4
{[%clk 1:27:51]} e5 {[%clk 1:31:55]} 5. Nb5 {[%clk 1:28:15]} d6 {[%clk 1:32:07]}
6. N1c3 {[%clk 1:22:33]} a6 {[%clk 1:31:51]} 7. Na3 {[%clk 1:22:56]} Be6
{[%clk 1:32:03]} 8. g3 {[%clk 1:21:20]} h5 {[%clk 1:30:16]} 9. h4
{[%clk 1:18:51]} g6 {[%clk 1:29:39]} 10. Bg2 {[%clk 1:17:17]} Bg7
{[%clk 1:29:39]} 11. Nd5 {[%clk 1:16:29]} Nf6 {[%clk 1:28:55]} 12. Nxf6+
{[%clk 1:07:18]} Bxf6 {[%clk 1:28:27]} 13. c3 {[%clk 1:07:40]} O-O
{[%clk 1:27:04]} 14. Nc2 {[%clk 1:07:43]} Ne7 {[%clk 1:26:01]} 15. Ne3
{[%clk 1:07:16]} Bg7 {[%clk 1:22:32]} 16. O-O {[%clk 1:06:48]} Qd7
{[%clk 1:20:57]} 17. b3 {[%clk 0:59:20]} Rac8 {[%clk 1:16:50]} 18. Qd3
{[%clk 0:55:21]} Qc7 {[%clk 1:06:26]} 19. c4 {[%clk 0:50:14]} Qc5
{[%clk 0:57:17]} 20. Rd1 {[%clk 0:47:09]} Rcd8 {[%clk 0:53:29]} 21. a4
{[%clk 0:34:23]} f5 {[%clk 0:46:08]} 22. Ba3 {[%clk 0:33:41]} Qa7
{[%clk 0:46:18]} 23. exf5 {[%clk 0:17:17]} gxf5 {[%clk 0:41:37]} 24. Nd5
{[%clk 0:14:47]} Nc6 {[%clk 0:41:54]} 25. Qe2 {[%clk 0:11:30]} Bf7
{[%clk 0:39:43]} 26. Bb2 {[%clk 0:10:40]} Bg6 {[%clk 0:37:19]} 27. b4
{[%clk 0:09:57]} f4 {[%clk 0:35:37]} 28. gxf4 {[%clk 0:07:13]} Rde8
{[%clk 0:35:26]} 29. Nc7 {[%clk 0:06:49]} Re7 {[%clk 0:34:21]} 30. Rxd6
{[%clk 0:05:49]} exf4 {[%clk 0:29:53]} 31. Bd5+ {[%clk 0:03:09]} Bf7
{[%clk 0:25:05]} 32. Qd2 {[%clk 0:00:44]} Ne5 {[%clk 0:23:14]} 33. Ne6
{[%clk 0:00:36]} Qb8 {[%clk 0:19:57]} 34. c5 {[%clk 0:01:00]} Bxe6
{[%clk 0:19:00]} 35. Rxe6 {[%clk 0:01:09]} Rxe6 {[%clk 0:19:18]} 36. Bxe6+
{[%clk 0:01:38]} Kh8 {[%clk 0:19:25]} 37. Qe2 {[%clk 0:00:44]} f3
{[%clk 0:19:12]} 38. Qe4 {[%clk 0:00:45]} Qc7 {[%clk 0:17:27]} 39. Re1
{[%clk 0:00:45]} Ng4 {[%clk 0:17:30]} 40. Bxg4 {[%clk 0:00:42]} Bxb2
{[%clk 0:16:47]} 41. Bxf3 {[%clk 0:00:38]} a5 {[%clk 0:16:41]} 42. bxa5
{[%clk 0:00:40]} Qxc5 {[%clk 0:16:28]} 43. Qd5 {[%clk 0:00:35]} Qxd5
{[%clk 0:14:05]} 44. Bxd5 {[%clk 0:01:01]} Bd4 {[%clk 0:14:32]} 45. Re2
{[%clk 0:01:01]} Rf5 {[%clk 0:14:44]} 46. Re8+ {[%clk 0:00:33]} Kg7
{[%clk 0:14:59]} 47. Rg8+ {[%clk 0:00:37]} Kh7 {[%clk 0:13:57]} 48. Be4
{[%clk 0:00:37]} Bxf2+ {[%clk 0:14:13]}  1/2-1/2

[Event "Iranian Men Championship Final 1399"]
[Site "Tehran"]
[Date "2021.04.13"]
[Round "15"]
[Board "3"]
[White "Mosadeghpour, Masoud"]
[Black "Nikookar, Mahdi"]
[Result "1-0"]
[WhiteElo "2498"]
[BlackElo "2239"]
[PlyCount "0"]
[EventDate "2021.04.05"]
[EventRounds "15"]
[EventCountry "IRI"]

1. e4 {[%clk 1:26:21]} e6 {[%clk 1:28:02]} 2. d4 {[%clk 1:26:25]} d5
{[%clk 1:28:08]} 3. Nc3 {[%clk 1:26:48]} Bb4 {[%clk 1:28:27]} 4. a3
{[%clk 1:26:35]} Bxc3+ {[%clk 1:28:07]} 5. bxc3 {[%clk 1:27:04]} dxe4
{[%clk 1:28:03]} 6. Qg4 {[%clk 1:27:32]} Nf6 {[%clk 1:27:57]} 7. Qxg7
{[%clk 1:27:57]} Rg8 {[%clk 1:28:19]} 8. Qh6 {[%clk 1:28:23]} c5 {[%clk 1:27:57]}
9. Ne2 {[%clk 1:28:37]} Nbd7 {[%clk 1:27:54]} 10. Bb2 {[%clk 1:25:08]} Qe7
{[%clk 1:13:30]} 11. Ng3 {[%clk 1:22:03]} b6 {[%clk 1:06:45]} 12. Qf4
{[%clk 1:12:52]} h5 {[%clk 0:58:21]} 13. Nxe4 {[%clk 1:10:05]} Rg4
{[%clk 0:54:35]} 14. Nd6+ {[%clk 1:09:28]} Kf8 {[%clk 0:51:29]} 15. Qf3
{[%clk 1:06:00]} Rb8 {[%clk 0:51:27]} 16. h3 {[%clk 1:05:46]} Rg8
{[%clk 0:50:11]} 17. Nxc8 {[%clk 1:06:10]} Rxc8 {[%clk 0:50:29]} 18. Ba6
{[%clk 1:06:22]} Rc7 {[%clk 0:41:03]} 19. a4 {[%clk 1:04:24]} e5 {[%clk 0:40:38]}
20. O-O {[%clk 1:04:43]} Qe6 {[%clk 0:39:46]} 21. Rfe1 {[%clk 1:02:50]} e4
{[%clk 0:37:50]} 22. Qe3 {[%clk 1:03:18]}  1-0